Normal view
MARC view
- Wilson, Glenn
Entry Personal Name
001 - CONTROL NUMBER
- control field: 6707
003 - CONTROL NUMBER IDENTIFIER
- control field: JO-AjAnu
005 - DATE AND TIME OF LATEST TRANSACTION
- control field: 20230606071404.0
008 - FIXED-LENGTH DATA ELEMENTS
- fixed length control field: 230606|| aca||aabn | a|a d
040 ## - CATALOGING SOURCE
- Original cataloging agency: JO-AjAnu
- Transcribing agency: JO-AjAnu
100 ## - HEADING--PERSONAL NAME
- Personal name: Wilson, Glenn
670 ## - SOURCE DATA FOUND
- Source citation: Work cat.: (JO-AjAnu)3476: Wilson, Glenn , author, SevSecOps: A Leaders guide to producing secure software without compromising flow, feedback and continuous improvement